000 00540nam a22001697a 4500
003 BD-DhUL
005 20210906143228.0
008 181226snd. pk ||||| |||| 00| 0 urd d
040 _aBD-DhUL
_cBD-DhUL
082 _a891.431
_bSHG
100 0 _aشورش کشمیری
_d
245 1 0 _aگفتنی وناگفتنی، مصنفۂ آغا شور س کا شمیری /
_cشورش کشمیری
_b
260 _aلاهور :
_bمطبوعات چئان،
_c۔
300 _aص۔ ۲۲۲ ؛
_c۲۴ سم۔
650 4 _aUrdu poetry
942 _2ddc
_cBK
999 _c245473
_d245473